[Event "HCL-C055"]
[Site "www.playchess.de"]
[Date "2001.04.06"]
[Round "6"]
[White "German04"]
[Black "Pelikan"]
[WhiteElo "1172"]
[BlackElo "1205"]
[PlyCount "34"]
[Result "0-1"]

1.e4 c5 2.Nf3 d6 3.d4 cxd4 4.Nxd4 Nf6 5.Nc3 a6 
6.Bf4 e5 7.Bg3 exd4 8.Qxd4 Nc6 9.Qb6 Qxb6 10.O-O-O 
Be6 11.f3 Be7 12.Bxd6 Bxd6 13.Rxd6 O-O 14.h4 Rac8 
15.g4 Qe3+ 16.Rd2 Qxf3 17.Nd5 Qxh1 0-1

[Event "HCL-C055"]
[Site "www.playchess.de"]
[Date "2001.04.06"]
[Round "7"]
[White "Platon"]
[Black "arsenic"]
[WhiteElo "1000"]
[BlackElo "1000"]
[PlyCount "62"]
[Result "0-1"]

1.e4 c6 2.Bc4 d5 3.Bd3 dxe4 4.Bxe4 Nd7 5.Nc3 Ngf6 
6.d4 Qa5 7.Qe2 e6 8.f3 Bb4 9.Qd2 Nb6 10.Qf4 Bxc3+ 
11.Bd2 Bxd2+ 12.Qxd2 Qxd2+ 13.Kxd2 Nc4+ 14.Kc1 
Nxe4 15.fxe4 e5 16.Ne2 exd4 17.Nxd4 O-O 18.b3 Ne3 
19.Rg1 f5 20.exf5 Bxf5 21.b4 Rad8 22.c3 Nd5 23.b5 
Nxc3 24.Nc2 Ne2+ 25.Kb2 Nxg1 26.Rxg1 Bxc2 27.Kxc2 
Rf2+ 28.Kc1 cxb5 29.h3 Rdd2 30.Rd1 Rxd1+ 31.Kxd1 
Rxg2 0-1

[Event "HCL-C055"]
[Site "www.playchess.de"]
[Date "2001.04.06"]
[Round "9"]
[White "Platon"]
[Black "German04"]
[WhiteElo "1000"]
[BlackElo "1172"]
[PlyCount "38"]
[Result "0-1"]

1.e4 e5 2.Nf3 Nc6 3.d4 Nxd4 4.Nxe5 Nc6 5.Qh5 Qe7 
6.Bc4 g6 7.Nxg6 hxg6 8.Qxh8 Qxe4+ 9.Be2 Nb4 10.Kd1 
Qxc2+ 11.Ke1 Qxc1+ 12.Bd1 Nc2+ 13.Ke2 Nxa1 14.Qxg8 
Qc4+ 15.Kf3 Qd3+ 16.Kg4 d6+ 17.Kf4 Qf5+ 18.Kg3 Bd7 
19.Bg4 Qxg4+ 0-1

[Event "HCL-C055"]
[Site "www.playchess.de"]
[Date "2001.04.06"]
[Round "11"]
[White "arsenic"]
[Black "camos"]
[WhiteElo "1000"]
[BlackElo "965"]
[PlyCount "33"]
[Result "1-0"]

1.e4 d5 2.exd5 Qxd5 3.Nc3 Qa5 4.d4 f6 5.Nf3 g5 
6.Bc4 h5 7.Qd3 Bf5 8.Qe2 c5 9.Bb5+ Nd7 10.dxc5 Nh6 
11.c6 bxc6 12.Bxc6 Rc8 13.Bxd7+ Bxd7 14.Bd2 Qb6 
15.O-O-O Bg7 16.Nd5 Qb7 17.Qxe7+ 1-0

[Event "HCL-C055"]
[Site "www.playchess.de"]
[Date "2001.04.06"]
[Round "12"]
[White "camos"]
[Black "orange"]
[WhiteElo "965"]
[BlackElo "800"]
[PlyCount "52"]
[Result "0-1"]

1.e4 e5 2.Nf3 Nc6 3.Nc3 Bb4 4.Bc4 Nh6 5.d3 O-O 
6.Ng5 Nd4 7.O-O Be7 8.Qh5 Qe8 9.f4 d6 10.f5 a6 
11.f6 Bxf6 12.Rxf6 b5 13.Bd5 Bg4 14.Bxf7+ Rxf7 
15.Qh4 Rxf6 16.Nxh7 Kxh7 17.Bg5 Qf7 18.Bxf6 Qxf6 
19.Qg3 Rf8 20.Nd5 Ne2+ 21.Kh1 Nxg3+ 22.hxg3 Qf2 
23.Nxc7 Bh3 24.gxh3 Qxg3 25.Ne6 Rf2 26.Rg1 
Qh2+ 0-1

[Event "HCL-C055"]
[Site "www.playchess.de"]
[Date "2001.04.06"]
[Round "13"]
[White "German04"]
[Black "camos"]
[WhiteElo "1172"]
[BlackElo "965"]
[PlyCount "69"]
[Result "1-0"]

1.e4 e5 2.Nf3 Nc6 3.Nc3 Bc5 4.Bc4 Nf6 5.O-O d6 
6.d3 Ng4 7.Ng5 O-O 8.Be3 Nxe3 9.fxe3 Qxg5 10.Qf3 
Bxe3+ 11.Kh1 Ne7 12.Nd1 Bd4 13.Nc3 Bd7 14.Nd1 b5 
15.Bb3 Bc6 16.Nf2 g6 17.Nh3 Qh6 18.Qf6 d5 19.Qxe7 
Bxb2 20.Rab1 Bc3 21.exd5 Rae8 22.Qxc7 Rec8 23.Qxa7 
e4 24.dxc6 Rxc6 25.Rxf7 Rf6 26.Rxf6+ Kh8 27.Rxf8+ 
Qxf8 28.dxe4 Be5 29.Ng5 Qg7 30.Qxg7+ Kxg7 31.Bd5 
h5 32.Rxb5 Bf6 33.h4 Kh6 34.e5 Be7 
35.Rb7 1-0

[Event "HCL-C055"]
[Site "www.playchess.de"]
[Date "2001.04.06"]
[Round "14"]
[White "camos"]
[Black "Pelikan"]
[WhiteElo "965"]
[BlackElo "1205"]
[PlyCount "74"]
[Result "0-1"]

1.e4 c5 2.Bc4 Nc6 3.Nf3 d6 4.d3 Nf6 5.Nc3 a6 6.O-O 
e6 7.Ne2 b5 8.Bb3 Be7 9.Be3 O-O 10.h4 Ng4 11.g3 
Nxe3 12.fxe3 Bf6 13.Nf4 Bxb2 14.Rb1 Bf6 15.a4 b4 
16.Ng5 Bxg5 17.hxg5 Qxg5 18.Kf2 Ne5 19.Rh1 Ng4+ 
20.Ke2 Nf6 21.Qf1 d5 22.Qh3 e5 23.Qh2 exf4 24.exf4 
Qh5+ 25.Qxh5 Nxh5 26.Rxh5 Bg4+ 27.Kf2 Bxh5 28.Rh1 
Bg4 29.a5 dxe4 30.Bd5 e3+ 31.Kxe3 Rae8+ 32.Kf2 
Re2+ 33.Kg1 Rfe8 34.Be4 f5 35.Bd5+ Kf8 36.Bc4 
R2e1+ 37.Kf2 R8e2+ 0-1

[Event "HCL-C055"]
[Site "www.playchess.de"]
[Date "2001.04.06"]
[Round "17"]
[White "orange"]
[Black "Rygars"]
[WhiteElo "800"]
[BlackElo "1456"]
[PlyCount "32"]
[Result "0-1"]

1.d4 d5 2.e4 dxe4 3.Nc3 e5 4.d5 Nf6 5.Be2 Bb4 
6.Bc4 c6 7.Bg5 Qa5 8.d6 Bxc3+ 9.bxc3 Qxc3+ 10.Qd2 
Qxa1+ 11.Qd1 Qc3+ 12.Qd2 Qxc4 13.Ne2 Bg4 14.O-O 
Qxe2 15.d7+ Nbxd7 16.Re1 Qxd2 0-1

[Event "HCL-C055"]
[Site "www.playchess.de"]
[Date "2001.04.06"]
[Round "18"]
[White "Rygars"]
[Black "German04"]
[WhiteElo "1456"]
[BlackElo "1172"]
[PlyCount "59"]
[Result "1-0"]

1.f4 e5 2.fxe5 Nc6 3.Nf3 d6 4.exd6 Bxd6 5.e4 Bc5 
6.c3 Qd6 7.d4 Bb6 8.Bd3 Ba5 9.d5 Nf6 10.dxc6 Qxc6 
11.Nd4 Qd6 12.Qa4+ Bd7 13.Qxa5 c5 14.Qa3 O-O 
15.O-O Qb6 16.Nc2 c4+ 17.Be3 Qc6 18.Nd4 Qc7 19.Bf4 
Qc8 20.Bc2 Re8 21.Nd2 b5 22.Qa5 a6 23.Qc7 Nh5 
24.Qxc8 Raxc8 25.Bd6 f6 26.Bd1 g6 27.Bxh5 gxh5 
28.Rxf6 Kg7 29.Raf1 a5 30.R6f7+ 1-0

[Event "HCL-C055"]
[Site "www.playchess.de"]
[Date "2001.04.06"]
[Round "20"]
[White "Rygars"]
[Black "Platon"]
[WhiteElo "1456"]
[BlackElo "1000"]
[PlyCount "29"]
[Result "1-0"]

1.f4 f5 2.Nf3 d6 3.e3 e6 4.d4 d5 5.Bd3 Bb4+ 6.Bd2 
Nc6 7.Bxb4 Nxb4 8.O-O h6 9.Bb5+ Bd7 10.Bxd7+ Qxd7 
11.Ne5 Qb5 12.Nc3 Qb6 13.Qh5+ Ke7 14.Qf7+ Kd6 
15.Qd7+ 1-0

[Event "HCL-C055"]
[Site "www.playchess.de"]
[Date "2001.04.06"]
[Round "21"]
[White "camos"]
[Black "Rygars"]
[WhiteElo "965"]
[BlackElo "1456"]
[PlyCount "42"]
[Result "0-1"]

1.e4 e5 2.Nc3 Nf6 3.Bb5 c6 4.Bc4 d5 5.Bd3 Bd6 
6.Nf3 O-O 7.exd5 e4 8.Nxe4 Re8 9.O-O Nxe4 10.c4 
cxd5 11.cxd5 Ng5 12.Nxg5 Qxg5 13.Be4 Qe5 14.Re1 
Qxh2+ 15.Kf1 Qh1+ 16.Ke2 Rxe4+ 17.Kd3 Rxe1 18.Qa4 
Bf5+ 19.Kc3 Rxc1+ 20.Rxc1 Qxc1+ 21.Kd4 
Qc5+ 0-1

[Event "HCL-A045"]
[Site "www.playchess.de"]
[Date "2001.04.06"]
[Round "1"]
[White "michaeljohn"]
[Black "Polo"]
[WhiteElo "1700"]
[BlackElo "1207"]
[PlyCount "47"]
[Result "1-0"]

1.e4 e5 2.Nf3 Nc6 3.Bb5 Nf6 4.O-O d6 5.d4 Bd7 
6.Re1 exd4 7.Nxd4 Nxd4 8.Bxd7+ Qxd7 9.Qxd4 c5 
10.Qd3 O-O-O 11.c4 Qc7 12.Nc3 a6 13.a4 Be7 14.Bf4 
h6 15.h3 g5 16.Bh2 Qc6 17.e5 dxe5 18.Qf5+ Nd7 
19.Bxe5 f6 20.Bg3 Rhe8 21.Re6 Qxe6 22.Qxe6 Bf8 
23.Qf5 b6 24.Rd1 1-0

[Event "HCL-A054"]
[Site "www.playchess.de"]
[Date "2001.04.07"]
[Round "18"]
[White "mrchess"]
[Black "teenspirit"]
[WhiteElo "1555"]
[BlackElo "1768"]
[PlyCount "74"]
[Result "1/2-1/2"]

1.d4 Nf6 2.c4 g6 3.Nc3 Bg7 4.Nf3 d6 5.e4 O-O 6.Be2 
e5 {What a strange position in our other game...}  
7.d5 Nbd7 8.O-O Nc5 9.Qc2 a5 10.Be3 Ne8 11.Qd2 f5 
12.Bxc5 dxc5 13.exf5 Bxf5 14.h4 Nd6 15.g3 h6 
16.Nh2 h5 17.f3 Kh7 18.Bd3 Bh6 19.Qe2 Qf6 20.Ne4 
Qe7 21.Rae1 b6 22.Nc3 Rae8 23.b3 g5 24.Bxf5+ Rxf5 
25.hxg5 Qxg5 26.Ne4 Nxe4 27.fxe4 Qxg3+ 28.Kh1 
Rxf1+ 29.Rxf1 Rg8 30.Qf3 Qxf3+ 31.Rxf3 Bf4 32.Rf2 
Rg3 33.Rf3 Kg6 34.Rxg3+ Bxg3 35.Nf3 h4 36.Kg2 Kh5 
37.Kh3 Kg6 1/2-1/2

[Event "HCL-B131"]
[Site "www.playchess.de"]
[Date "2001.04.07"]
[Round "25"]
[White "tuzlak"]
[Black "yar75028"]
[WhiteElo "700"]
[BlackElo "1500"]
[PlyCount "62"]
[Result "0-1"]

1.e4 e5 2.Nf3 Nc6 3.Bc4 Nf6 4.Ng5 d5 5.exd5 Nxd5 
6.Qf3 Qxg5 7.Bxd5 Qg6 8.Nc3 Nd4 9.Qe4 Nxc2+ 10.Kd1 
Nxa1 11.Qxe5+ Kd8 12.Be4 f5 13.Qd5+ Qd6 14.Qxd6+ 
Bxd6 15.Bd3 Bd7 16.b4 Bc6 17.f3 Bxb4 18.Bb2 Bxc3 
19.Bxc3 Re8 20.Bxa1 g6 21.Bf6+ Kd7 22.Bc3 Ba4+ 
23.Kc1 c5 24.Kb2 b6 25.Ka3 Bc6 26.Rc1 b5 27.Kb2 b4 
28.Bf6 Re6 {of all the games i have going this is 
the one i remembered the best after the 6 week 
down time.}  29.Bg5 {lucky me !!!!}  Rd6 {maybe 
u'r lucky, maybe not!}  30.Bc4 {that is the 
question!}  Re8 31.h4 {i guess, for me no need 4 
luck, what about u?}  Rd4 {sometimes it helps.} 
 0-1

[Event "HCL-B142"]
[Site "www.playchess.de"]
[Date "2001.04.07"]
[Round "34"]
[White "Bill"]
[Black "nadavies_uk"]
[WhiteElo "1055"]
[BlackElo "1355"]
[PlyCount "57"]
[Result "1-0"]

1.e4 c5 2.Nf3 Nc6 3.d4 e6 4.Nc3 Nf6 5.Nb5 Qa5+ 
6.Bd2 Qb6 7.Bd3 c4 8.Nd6+ Bxd6 9.Bxc4 {Oops}  Nxe4 
{Oops indeed, young man.}  10.Bb3 Nxd4 11.Be3 
Nxf3+ 12.Qxf3 Nc5 13.Rd1 Qb4+ 14.c3 Qb6 15.Bd4 Be7 
16.Bxg7 Rg8 17.Bd4 d5 18.Bc2 Qxb2 19.Bxh7 Rg5 
20.h4 Rxg2 21.Qxg2 Bd7 22.Qg8+ Bf8 23.Bxc5 Qxc3+ 
24.Rd2 Qxc5 25.Rh3 O-O-O 26.Qxf7 Qa5 27.h5 Bb4 
28.Rhd3 Bxd2+ 29.Rxd2 1-0

[Event "HCL-C117"]
[Site "www.playchess.de"]
[Date "2001.04.07"]
[Round "18"]
[White "Alcoholic"]
[Black "tiberiuskirk"]
[WhiteElo "1000"]
[BlackElo "986"]
[PlyCount "67"]
[Result "0-1"]

1.e4 e6 2.d4 d5 3.e5 c5 4.c3 Qb6 5.Nf3 Nc6 6.Be2 
cxd4 7.cxd4 Bb4+ 8.Nc3 Nge7 9.a3 Bxc3+ 10.bxc3 Bd7 
11.O-O Nf5 12.Bd3 O-O 13.Rb1 Qc7 14.Bxf5 exf5 
15.Qb3 Na5 16.Qxd5 Bc6 17.Qd6 Qxd6 18.exd6 Bxf3 
19.gxf3 Rad8 20.Bf4 Nc4 21.Rxb7 Nxd6 22.Bxd6 Rxd6 
23.Rxa7 Rc8 24.Rb7 g6 25.Rb3 Ra6 26.Kg2 Kg7 27.Kg3 
h5 28.Rd1 g5 29.h4 f6 30.f4 g4 31.f3 Ra4 32.d5 Rd8 
33.d6 Rd7 34.Rd5 0-1

[Event "HCL-C130"]
[Site "www.playchess.de"]
[Date "2001.04.07"]
[Round "29"]
[White "donkey"]
[Black "arsenic"]
[WhiteElo "1134"]
[BlackElo "1280"]
[PlyCount "85"]
[Result "1-0"]

1.d4 e6 2.c4 Nf6 3.Nc3 Bb4 4.Qc2 d5 5.cxd5 Qxd5 
6.Nf3 c5 7.Bd2 Bxc3 8.Bxc3 Nc6 9.dxc5 Qxc5 10.Rc1 
O-O 11.Bxf6 Qxc2 12.Rxc2 gxf6 13.e3 Bd7 14.Be2 
Rac8 15.O-O Nb4 16.Rxc8 Rxc8 17.a3 Nd5 18.Nd4 e5 
19.Bf3 Bc6 20.Nxc6 bxc6 21.Rc1 Ne7 22.b4 Kf8 23.g4 
Kg7 24.h3 Kg6 25.Be4+ Kh6 26.h4 Kg7 27.f4 Kf8 
28.Bxh7 exf4 29.exf4 Kg7 30.Be4 Ng6 31.h5 Nxf4 
32.Kf2 Ne6 33.Rxc6 Rxc6 34.Bxc6 Nd4 35.Be4 Kh6 
36.Kg3 Kg5 37.a4 Ne2+ 38.Kf3 Nd4+ 39.Ke3 Ne6 
40.Bf5 Nc7 41.b5 Nd5+ 42.Kd4 Ne7 
43.a5 1-0

[Event "ACL-A033"]
[Site "www.playchess.de"]
[Date "2001.04.07"]
[Round "13"]
[White "satura"]
[Black "MarkusSSG"]
[WhiteElo "1832"]
[BlackElo "1737"]
[PlyCount "108"]
[Result "0-1"]

1.c4 c5 2.Nc3 Nc6 3.g3 g6 4.Bg2 Bg7 5.Nf3 e5 6.d3 
Nge7 7.O-O O-O 8.Ne1 d6 9.Nc2 Be6 10.Ne3 Qd7 
11.Rb1 Bh3 12.a3 Bxg2 13.Kxg2 f5 14.Ned5 f4 15.b4 
Nxd5 16.cxd5 Nd4 17.bxc5 dxc5 18.e3 f3+ 19.Kh1 Qh3 
20.Rg1 Nf5 21.Qf1 Qxf1 22.Rxf1 Nd6 23.e4 b6 24.Bg5 
Kf7 25.Nb5 Nxb5 26.Rxb5 h6 27.Be3 Rfc8 28.Rc1 h5 
29.a4 Bf6 30.a5 Bd8 31.Rb3 Rab8 32.Rcb1 g5 33.h3 
g4 34.h4 c4 35.dxc4 Rxc4 36.R3b4 Rxb4 37.Rxb4 Ke7 
38.Kg1 Kd7 39.Rb1 Rc8 40.axb6 Bxb6 41.Bxb6 axb6 
42.Rxb6 Rc1+ {sorry aber ich denke das ich die 
partie gewinnen kann}  43.Kh2 Rc4 44.Rh6 Rxe4 
{Strike}  45.Rxh5 Re2 46.Kg1 Kd6 47.Rg5 Re1+ 
48.Kh2 Rf1 49.Rxg4 Rxf2+ 50.Kh3 Rf1 51.Rg6+ Kxd5 
52.Kg4 e4 53.Rf6 f2 54.h5 e3 0-1

[Event "HCL-B148"]
[Site "www.playchess.de"]
[Date "2001.04.07"]
[Round "16"]
[White "Hawk"]
[Black "sarek"]
[WhiteElo "1200"]
[BlackElo "1116"]
[PlyCount "47"]
[Result "1-0"]

1.d4 {Hi}  e6 {hello!}  2.c4 {How old are you? I'm 
16!}  Nf6 {i am about twice your age.}  3.Nc3 {How 
long do you play chess? I learnd it about 6 Years 
ago.}  Bb4 {When i wasabout 8.}  4.Bd2 c5 {about 
four months.}  5.dxc5 Bxc5 6.Bg5 h6 7.Bh4 d5 
8.cxd5 exd5 9.Nf3 Qb6 10.e3 Qxb2 11.Bxf6 gxf6 
12.Nxd5 Bb4+ 13.Nxb4 Qxb4+ 14.Qd2 Qxd2+ 15.Nxd2 
Be6 16.Bc4 Nc6 17.Bb5 Bd5 18.O-O O-O-O 19.Bxc6 
Bxc6 20.Nb3 Rhg8 21.g3 f5 22.Nd4 Rg5 23.Rac1 Rd6 
24.Rc5 1-0

[Event "HCL-B148"]
[Site "www.playchess.de"]
[Date "2001.04.07"]
[Round "35"]
[White "Gruhni"]
[Black "Hawk"]
[WhiteElo "1354"]
[BlackElo "1200"]
[PlyCount "68"]
[Result "0-1"]

1.e4 {Hallo und gutes Spiel!}  e5 {Hallo! Nett Sie 
kennenzulernen! Ich bin zwar nicht so gut, aber 
ich werde mir Mühe geben.}  2.Nf3 {Macht nichts! 
Ich bin auch nicht der Gott unter den 
Schachspielern :-)}  Nc6 {Ich bin nur 16!}  3.Bc4 
{Ich bin 26! Spielst du bei irgendeinem 
Schachverein? Ich spiele beim SK Heuchelheim!}  
Nf6 {Ich spiele beim Post SV Ulm!}  4.d3 d6 {Hab 
ich ja schon gesagt: Ich spiele beim Post SV Ulm, 
und bin 16!}  5.Nc3 {Wenn man nichts hinschreibt, 
wiederholt das Programm einfach die letzte 
Aussage.}  Be7 {Achso... Ok}  6.Be3 O-O 7.O-O h6 
8.Nd5 Nxd5 9.Bxd5 Bd7 10.d4 exd4 11.Nxd4 Nxd4 
12.Bxd4 c6 13.Bb3 Bf6 14.Bxf6 Qxf6 15.Qd3 Rad8 
16.Rfe1 Be6 17.Bxe6 Qxe6 18.Re3 Rfe8 19.f3 d5 
20.Qb3 d4 21.Qxe6 Rxe6 22.Rd3 c5 23.Rad1 Red6 
24.Kf2 c4 25.R3d2 b5 26.b3 a5 27.a3 d3 28.cxd3 
cxb3 29.d4 a4 30.d5 b4 31.axb4 Rb6 32.Ra1 Rxb4 
33.Ke3 b2 34.Rb1 a3 0-1

[Event "HCL-A068"]
[Site "www.playchess.de"]
[Date "2001.04.07"]
[Round "25"]
[White "mrchess"]
[Black "teenspirit"]
[WhiteElo "1582"]
[BlackElo "1760"]
[PlyCount "68"]
[Result "0-1"]

1.d4 e6 {hi again}  2.c4 {have a nice game}  Nf6 
3.Nc3 b6 4.Nf3 Bb7 5.e3 Bb4 6.Bd2 O-O 7.Be2 d6 
8.Qc2 Nbd7 9.O-O Bxc3 10.bxc3 Ne4 11.Bd3 f5 12.Ne1 
Rf6 13.Be2 Nxd2 14.Qxd2 Rh6 15.Bf3 d5 16.cxd5 exd5 
17.Nd3 Qh4 18.h3 g5 19.Rfc1 g4 20.g3 Qxh3 21.Bg2 
Qh2+ 22.Kf1 Nf6 23.Nf4 Ba6+ 24.Nd3 Ne4 25.Qc2 c5 
26.Rcd1 Rc8 27.Qa4 Bc4 28.Qd7 Rf8 29.Rac1 f4 
30.exf4 Nxg3+ 31.fxg3 Qxg3 {Maybe I turned 
crazy... :)}  32.Qxd5+ {you play to strong for me} 
 Bxd5 {mmm wasnt Bxd5 enough??}  33.Bxd5+ {no it 
was not enough}  Kh8 34.dxc5 Rh2 0-1

[Event "HCL-B154"]
[Site "www.playchess.de"]
[Date "2001.04.07"]
[Round "4"]
[White "victor"]
[Black "Evgeniy"]
[WhiteElo "1200"]
[BlackElo "1200"]
[PlyCount "44"]
[Result "0-1"]

1.e4 e6 {Hello, Victor}  2.d4 {hi! chess buddy}  
d5 3.Nc3 Nf6 4.Bg5 Bb4 {Good morning, chess buddy} 
 5.e5 {It is a good day to have sex today!}  h6 
6.Bd2 Nfd7 7.Qg4 Bf8 8.Nf3 c5 9.Bb5 a6 10.Bxd7+ 
Nxd7 11.dxc5 d4 12.Qxd4 Bxc5 13.Qg4 Kf8 14.O-O-O 
b5 15.Rhe1 Bb7 16.Ne4 Be7 17.Ng3 Rc8 18.Nh5 Rh7 
19.Bc3 Bd5 20.Kb1 b4 21.Bxb4 Bxa2+ 22.Kxa2 
a5 0-1

[Event "HCL-B154"]
[Site "www.playchess.de"]
[Date "2001.04.07"]
[Round "10"]
[White "Evgeniy"]
[Black "Mother_Teresa"]
[WhiteElo "1200"]
[BlackElo "1173"]
[PlyCount "99"]
[Result "1-0"]

1.d4 {Hello}  d5 {hi to you}  2.c4 Nf6 3.Nf3 e6 
{hello}  4.e3 Bb4+ 5.Bd2 {Hello}  Bxd2+ 6.Nbxd2 
O-O 7.Bd3 c6 8.O-O {Hello}  b6 9.b4 dxc4 10.Nxc4 
Bb7 11.Rc1 Re8 12.Nce5 Nbd7 13.Nxc6 Bxc6 14.Rxc6 
Rc8 15.Qc2 Nb8 16.Rxc8 Qxc8 17.Rc1 Qxc2 18.Rxc2 h6 
19.Ne5 Nbd7 20.Nc6 Ra8 21.Ba6 Nb8 22.Bb7 Nxc6 
23.Bxa8 Nxb4 24.Rc7 Nxa2 25.Rxa7 Nc3 26.Rb7 Nfd5 
27.Rb8+ Kh7 28.Bxd5 Nxd5 29.Rb7 f5 30.Kf1 Kg6 
31.Ke2 Kf6 32.g3 h5 33.f3 g5 34.e4 fxe4 35.fxe4 
Nc3+ 36.Kd3 Na4 37.Kc2 h4 38.Kb3 Nc5+ 39.dxc5 bxc5 
40.Kc4 Ke5 41.Kxc5 hxg3 42.hxg3 Kxe4 43.Re7 Ke5 
44.Kc4 Kf6 45.Ra7 Kf5 46.Ra3 e5 47.Kd5 e4 48.Re3 
Kg4 49.Kxe4 Kh5 50.Kf5 1-0

[Event "HCL-A072"]
[Site "www.playchess.de"]
[Date "2001.04.07"]
[Round "8"]
[White "Dany"]
[Black "sazex"]
[WhiteElo "1437"]
[BlackElo "1845"]
[PlyCount "35"]
[Result "1-0"]

1.d4 {Hi...good game!}  d5 2.c4 c6 3.e3 Nf6 4.Nc3 
e6 5.Nf3 Nbd7 6.Bd3 Be7 7.O-O O-O 8.Bd2 Bd6 9.c5 
Bc7 10.b4 e5 11.dxe5 Nxe5 12.Nxe5 Bxe5 13.f4 Bb8 
14.h3 Re8 15.g4 d4 16.Ne2 dxe3 17.Bc3 Nd5 
18.Qc2 1-0

[Event "HCL-A072"]
[Site "www.playchess.de"]
[Date "2001.04.07"]
[Round "26"]
[White "sazex"]
[Black "Flemming"]
[WhiteElo "1845"]
[BlackElo "1350"]
[PlyCount "36"]
[Result "0-1"]

1.e4 c6 {Hi there! Have a nice game.}  2.d4 d5 
3.e5 Bf5 4.Nf3 e6 5.c3 c5 6.Qb3 Qb6 7.Qxb6 axb6 
8.Na3 Nc6 9.Nb5 Kd7 10.Be2 Be7 11.O-O h5 12.Bg5 f6 
13.Bf4 g5 14.exf6 gxf4 15.fxe7 Ngxe7 16.Rfe1 h4 
17.a3 Rag8 18.Kh1 h3 0-1

[Event "HCL-C165"]
[Site "www.playchess.de"]
[Date "2001.04.07"]
[Round "17"]
[White "lienk"]
[Black "carmenE"]
[WhiteElo "1138"]
[BlackElo "1000"]
[PlyCount "52"]
[Result "0-1"]

1.e4 e5 2.Nf3 f5 3.Nxe5 Qf6 4.Qh5+ g6 5.Nxg6 hxg6 
6.Qf3 Qe6 7.d3 d5 8.Nc3 fxe4 9.dxe4 Nf6 10.Bd3 Bb4 
11.O-O dxe4 12.Nxe4 Nxe4 13.Qxe4 Qxe4 14.Bxe4 Kf7 
15.Bf4 c6 16.Rad1 Re8 17.f3 Be6 18.Bg5 Nd7 19.f4 
Nf6 20.f5 Bc5+ 21.Kh1 Nxe4 22.fxe6+ Kxe6 23.Rde1 
Kd7 24.Rf7+ Kc8 25.Rg7 Nf2+ 26.Kg1 
Rxe1+ 0-1

[Event "HCL-C175"]
[Site "www.playchess.de"]
[Date "2001.04.07"]
[Round "1"]
[White "ictus"]
[Black "cmacsweeny"]
[WhiteElo "1276"]
[BlackElo "1801"]
[PlyCount "56"]
[Result "0-1"]

1.e4 c5 2.c3 Nf6 3.e5 Nd5 4.Nf3 Nc6 5.Bc4 Nb6 
6.Bb3 e6 7.O-O d6 8.exd6 Bxd6 9.d4 O-O 10.Bg5 Qc7 
11.Nbd2 cxd4 12.cxd4 Be7 13.Bxe7 Qxe7 14.Nc4 Nxc4 
15.Bxc4 Bd7 16.Bb5 Qb4 17.Bxc6 Bxc6 18.Qb3 Qxb3 
19.axb3 Bd5 20.b4 Rfd8 21.Ne5 f6 22.Ng4 Bb3 23.Ra3 
Bc4 24.Rc1 Rxd4 25.Ne3 Ba6 26.Rb3 b5 27.h3 Bc8 
28.Rc7 Rd7 0-1

[Event "HCL-C180"]
[Site "www.playchess.de"]
[Date "2001.04.07"]
[Round "10"]
[White "soymilk"]
[Black "Carlosesandra"]
[WhiteElo "1182"]
[BlackElo "1000"]
[PlyCount "75"]
[Result "1-0"]

1.Nf3 e6 2.g3 Nc6 3.Bg2 d5 4.O-O Nf6 5.d3 h6 
6.Nbd2 Bd6 7.b3 O-O 8.Bb2 b6 9.e4 dxe4 10.dxe4 Bb4 
11.e5 Ng4 12.a3 Bc5 13.b4 Nxf2 14.Rxf2 Bxf2+ 
15.Kxf2 Bb7 16.Ne1 Rb8 17.Nd3 a5 18.b5 Nd4 19.Bxb7 
Rxb7 20.Bxd4 Qxd4+ 21.Kg2 Qd5+ 22.Qf3 Qxf3+ 
23.Nxf3 Rbb8 24.Nd4 Rbc8 25.Nc6 Rfe8 26.Rd1 f6 
27.Kf2 f5 28.Nf4 g5 29.Nh5 Kf7 30.Nf6 Reh8 31.Rd7+ 
Kf8 32.Ne7 Kf7 33.Nxc8+ Kg6 34.Ne7+ Kf7 35.Nxf5+ 
Kg6 36.Ne7+ Kf7 37.g4 Rf8 38.Nf5+ 1-0

[Event "HCL-A079"]
[Site "www.playchess.de"]
[Date "2001.04.07"]
[Round "21"]
[White "stud"]
[Black "Gorodish"]
[WhiteElo "1180"]
[BlackElo "1699"]
[PlyCount "34"]
[Result "0-1"]

1.e4 e6 2.d4 d5 3.exd5 exd5 4.Bd3 Nc6 5.Nf3 Bd6 
6.O-O Bg4 7.c3 Nge7 8.Re1 Qd7 9.Be3 O-O-O 10.Nbd2 
Rde8 11.Bb5 a6 12.Bxc6 Nxc6 13.b4 f5 14.a4 f4 
15.b5 Nb8 16.bxa6 Nxa6 17.Qb3 fxe3 0-1

[Event "HCL-E024"]
[Site "www.playchess.de"]
[Date "2001.04.07"]
[Round "27"]
[White "KARFOPOULOS"]
[Black "NOHAU"]
[WhiteElo "2350"]
[BlackElo "2270"]
[PlyCount "53"]
[Result "1-0"]

1.e4 {good luck!}  e5 {let´S HAVE A NICE GAME}  
2.f4 Qf6 3.Nc3 Qxf4 4.Nf3 Bb4 5.Bc4 Bxc3 6.O-O Ba5 
7.d4 Qxe4 8.Bxf7+ Ke7 9.Bxg8 Rxg8 10.Bg5+ Kd6 
11.c3 c6 12.dxe5+ Kc7 13.Qd6+ Kb6 14.b4 Qd5 
15.bxa5+ Ka6 16.Qb4 Re8 17.Rad1 Qxa5 18.Qc4+ Qb5 
19.Qf7 Rxe5 20.Nxe5 Qxe5 21.Bf4 Qc5+ 22.Kh1 d5 
23.Qxg7 Nd7 24.Qxh7 Nb6 25.Be5 Nc4 26.Bd4 
{SORRY,BUT I THINK THAT IAM ON THE OF WINNING THIS 
GAME.}  Qa3 27.Rdb1 1-0

[Event "HCL-A081"]
[Site "www.playchess.de"]
[Date "2001.04.07"]
[Round "33"]
[White "entefada"]
[Black "kondor"]
[WhiteElo "1700"]
[BlackElo "1638"]
[PlyCount "26"]
[Result "0-1"]

1.e4 Nf6 2.e5 Nd5 3.Nc3 Nxc3 4.dxc3 d6 5.Bc4 Nc6 
6.Nf3 dxe5 7.Bxf7+ Kxf7 8.Nxe5+ Kg8 9.Bf4 Qxd1+ 
10.Rxd1 Nxe5 11.Bxe5 Bf5 12.O-O c5 13.Rd2 
h5 0-1

[Event "HCL-A080"]
[Site "www.playchess.de"]
[Date "2001.04.07"]
[Round "9"]
[White "arunkumar"]
[Black "chessnut"]
[WhiteElo "1700"]
[BlackElo "2066"]
[PlyCount "42"]
[Result "0-1"]

1.d4 Nf6 2.c4 c5 3.d5 b5 4.cxb5 a6 5.bxa6 Bxa6 
6.Nc3 d6 7.g3 g6 8.Bg2 Bg7 9.Nf3 O-O 10.O-O Qb6 
11.Qc2 Bb7 12.e4 Na6 13.a3 e6 14.dxe6 fxe6 15.Ng5 
d5 16.exd5 exd5 17.Re1 Rae8 18.Bd2 c4 19.Na4 Qc6 
20.Rad1 Bc8 21.b4 Bf5 0-1

[Event "HCL-E031"]
[Site "www.playchess.de"]
[Date "2001.04.07"]
[Round "2"]
[White "leo"]
[Black "klypp"]
[WhiteElo "2000"]
[BlackElo "2132"]
[PlyCount "22"]
[Result "0-1"]

1.e4 c5 2.Nf3 e6 3.d4 cxd4 4.Nxd4 a6 5.c4 Nf6 
6.Nc3 Bb4 7.Bd3 Nc6 8.Be3 d5 9.exd5 exd5 10.O-O 
Bxc3 11.bxc3 O-O 0-1

[Event "ACL-A103"]
[Site "www.playchess.de"]
[Date "2001.04.07"]
[Round "8"]
[White "xx"]
[Black "ADRIAN"]
[WhiteElo "1500"]
[BlackElo "1500"]
[PlyCount "30"]
[Result "0-1"]

1.e4 {greetings to your beautiful country !}  e5 
2.f4 exf4 3.Nf3 g5 {thank you! your Country is 
also wonderful! My english is not good. Excuse 
some incorrectness!}  4.Bc4 g4 5.Ne5 Qh4+ 6.Kf1 
Nh6 7.d4 d6 8.Nd3 f3 9.Nf4 c6 10.gxf3 Rg8 11.Nc3 
Be7 12.Be3 Nd7 13.Ke2 gxf3+ 14.Kd2 b5 15.Bd3 
b4 0-1

[Event "HCL-C193"]
[Site "www.playchess.de"]
[Date "2001.04.07"]
[Round "17"]
[White "Coney"]
[Black "miskolc"]
[WhiteElo "1030"]
[BlackElo "1000"]
[PlyCount "117"]
[Result "1-0"]

1.d4 Nf6 2.c4 g6 3.Nc3 Bg7 4.e4 d6 5.Nf3 O-O 6.Be2 
Nbd7 7.e5 dxe5 8.Nxe5 Nxe5 9.dxe5 Qxd1+ 10.Bxd1 
Nd7 11.f4 Nc5 12.Bc2 Be6 13.b3 Rfd8 14.O-O f6 
15.Ba3 fxe5 16.Bxc5 exf4 17.Rae1 Bxc4 18.bxc4 Bxc3 
19.Rxe7 b6 20.Bf2 Rd2 21.Bb3 c5 22.Kh1 Kf8 23.Re4 
g5 24.h4 h6 25.hxg5 hxg5 26.Be3 Rd6 27.Rf3 Bf6 
28.Bc1 Rad8 29.Re1 Kg7 30.g3 g4 31.Rxf4 R6d4 
32.Rxd4 cxd4 33.Kg2 d3 34.Bd2 Kg6 35.Re4 Rd4 
36.Rxd4 Bxd4 37.c5 Bxc5 38.Bc4 Kf6 39.Bxd3 Bd4 
40.Ba6 Kf5 41.Bc8+ Ke4 42.Bxg4 Kd3 43.Bh6 a5 
44.Bd7 Kc3 45.a4 Kc4 46.g4 Kd5 47.Kf3 Kd6 48.Be8 
Ke7 49.Bb5 Kf6 50.g5+ Kg6 51.Bd3+ Kf7 52.g6+ Kg8 
53.Kg4 Kh8 54.Kf5 Kg8 55.Ke6 Bc5 56.Bc4 Bd4 
57.Ke7+ Kh8 58.Kd7 Bc5 59.g7+ 1-0

[Event "ACL-A089"]
[Site "www.playchess.de"]
[Date "2001.04.07"]
[Round "16"]
[White "sarx"]
[Black "Hermi"]
[WhiteElo "1500"]
[BlackElo "2063"]
[PlyCount "32"]
[Result "0-1"]

1.e4 c5 2.f4 g6 3.Nf3 Bg7 4.Be2 Nc6 5.O-O d5 
6.exd5 Qxd5 7.c3 Nf6 8.d4 cxd4 9.Nxd4 Nxd4 10.cxd4 
Qd6 11.Nc3 O-O 12.Kh1 Be6 13.Bf3 Rad8 14.Be3 Qb4 
15.Qc2 Ng4 16.Bxg4 Bxg4 0-1

[Event "ACL-A089"]
[Site "www.playchess.de"]
[Date "2001.04.07"]
[Round "28"]
[White "sarx"]
[Black "Kbeza1"]
[WhiteElo "1500"]
[BlackElo "1500"]
[PlyCount "36"]
[Result "0-1"]

1.e4 e6 2.d4 d5 3.Nc3 Nf6 4.Bg5 Be7 5.e5 Nfd7 
6.Bxe7 Qxe7 7.f4 a6 8.Nf3 c5 9.dxc5 Nxc5 10.Be2 
Nc6 11.O-O b5 12.Ng5 Nxe5 13.Nxe6 Bxe6 14.fxe5 Rd8 
15.Bg4 O-O 16.Bf3 d4 17.Ne4 Bc4 18.Re1 
Qxe5 0-1

[Event "HCL-B199"]
[Site "www.playchess.de"]
[Date "2001.04.07"]
[Round "7"]
[White "stackOflow"]
[Black "sarx"]
[WhiteElo "1200"]
[BlackElo "1500"]
[PlyCount "20"]
[Result "0-1"]

1.e4 e6 2.d4 d5 3.e5 c5 4.Nf3 cxd4 5.Qxd4 Nc6 
6.Bb5 Bd7 7.Qd1 Nge7 8.Bg5 h6 9.Bh4 Nxe5 10.Bxd7+ 
Nxd7 0-1